Lý thuyết ổn định chuyển động /
שמור ב:
| מחבר ראשי: | |
|---|---|
| מחברים אחרים: | |
| פורמט: | Sách giấy |
| שפה: | Vietnamese |
| יצא לאור: |
H :
Đại học và Trung học chuyên nghiệp,
1977.
|
| תגים: |
הוספת תג
אין תגיות, היה/י הראשונ/ה לתייג את הרשומה!
|
| Thư viện lưu trữ: | Thư viện Trường Đại học Đà Lạt |
|---|
| LEADER | 00673nam a2200265 4500 | ||
|---|---|---|---|
| 001 | DLU130156005 | ||
| 005 | ##20130819 | ||
| 040 | # | # | |a DLU |b vie |
| 041 | # | # | |a vie |
| 044 | # | # | |a vn |
| 082 | # | # | |a 531.112 |b MA-I |
| 100 | # | # | |a Malkin I. G. |
| 245 | # | # | |a Lý thuyết ổn định chuyển động / |c I.G. Malkin; Phạm Huyên dịch. |
| 260 | # | # | |a H : |b Đại học và Trung học chuyên nghiệp, |c 1977. |
| 300 | # | # | |a 178 tr. ; |c 26 cm. |
| 700 | # | # | |a Phạm Huyên, |e dịch |
| 992 | # | # | |a 1 |
| 994 | # | # | |a DLU |
| 900 | # | # | |a True |
| 911 | # | # | |a Nguyễn Thị Tưởng |
| 925 | # | # | |a G |
| 926 | # | # | |a A |
| 927 | # | # | |a SH |
| 980 | # | # | |a Thư viện Trường Đại học Đà Lạt |